Quá trình hiện đại hóa văn học Việt Nam (1900 - 1945)
Sách bao gồm các bài viết của các tác giả về quá trình hiện đại hoá văn học, môi trường văn hoá và hiện đại hoá văn học Việt Nam trên bình diện thể loại.
Guardat en:
| Autor principal: | |
|---|---|
| Format: | Llibre |
| Idioma: | Undetermined |
| Publicat: |
Hà Nội
Văn hóa Thông tin
2000
|
| Matèries: | |
| Etiquetes: |
Afegir etiqueta
Sense etiquetes, Sigues el primer a etiquetar aquest registre!
|
| Thư viện lưu trữ: | Trung tâm Học liệu Trường Đại học Cần Thơ |
|---|
| LEADER | 00857nam a2200217Ia 4500 | ||
|---|---|---|---|
| 001 | CTU_36809 | ||
| 008 | 210402s9999 xx 000 0 und d | ||
| 020 | |c 41000 | ||
| 082 | |a 895.92209 | ||
| 082 | |b L121 | ||
| 100 | |a Mã, Giang Lân | ||
| 245 | 0 | |a Quá trình hiện đại hóa văn học Việt Nam (1900 - 1945) | |
| 245 | 0 | |c Mã Giang Lân | |
| 260 | |a Hà Nội | ||
| 260 | |b Văn hóa Thông tin | ||
| 260 | |c 2000 | ||
| 520 | |a Sách bao gồm các bài viết của các tác giả về quá trình hiện đại hoá văn học, môi trường văn hoá và hiện đại hoá văn học Việt Nam trên bình diện thể loại. | ||
| 650 | |a Vietnamese literature | ||
| 650 | |x History and criticism | ||
| 904 | |i Giang | ||
| 980 | |a Trung tâm Học liệu Trường Đại học Cần Thơ | ||